Beyond Appearances (Record no. 98892)

MARC details
000 -LEADER
fixed length control field 02709njm a2200481Ia 4500
001 - CONTROL NUMBER
control field 26120
003 - CONTROL NUMBER IDENTIFIER
control field IT-RoPAU
005 - DATE AND TIME OF LATEST TRANSACTION
control field 20220918181110.0
008 - FIXED-LENGTH DATA ELEMENTS--GENERAL INFORMATION
fixed length control field 131025s9999 xx 000 0 und d
040 ## - CATALOGING SOURCE
Original cataloging agency IT-RoPAU
040 ## - CATALOGING SOURCE
Transcribing agency IT-RoPAU
041 ## - LANGUAGE CODE
Language code of text/sound track or separate title INGLESE
999 ## - SYSTEM CONTROL NUMBERS (KOHA)
Koha Dewey Subclass [OBSOLETE] n.d.
100 ## - MAIN ENTRY--PERSONAL NAME
Personal name Santana Carlos
9 (RLIN) 5239
100 ## - MAIN ENTRY--PERSONAL NAME
Relator term Autore musica
9 (RLIN) 15702
100 ## - MAIN ENTRY--PERSONAL NAME
Miscellaneous information Codice autore musica SPICS: 11139
9 (RLIN) 5241
245 ## - TITLE STATEMENT
Title Beyond Appearances
250 ## - EDITION STATEMENT
Edition statement 1a ed.
260 ## - PUBLICATION, DISTRIBUTION, ETC. (IMPRINT)
Place of publication, distribution, etc. HOLLAND
260 ## - PUBLICATION, DISTRIBUTION, ETC. (IMPRINT)
Name of publisher, distributor, etc. CBS
Date of publication, distribution, etc. 1985 [1a Ed.:1985 - Ed. Lingua Orig.: 1985]
300 ## - PHYSICAL DESCRIPTION
Extent DISCO
300 ## - PHYSICAL DESCRIPTION
Dimensions 42 minuti (Testo: pag.)
500 ## - GENERAL NOTE
General note Musica rock.
505 ## - FORMATTED CONTENTS NOTE
Formatted contents note Breaking Out (5:00) - Written In Sand (4:00) - How Long (4:00) - Brotherhood (3:00) - Spirit (6:00) - Say It Again (4:00) - Who Loves You (5:00) - I'm the One Who Loves You (4:00) - Touchdown Raiders (4:00) - Right Now (6:00)
650 ## - SUBJECT ADDED ENTRY--TOPICAL TERM
Topical term or geographic name as entry element ROCK [DISCHI]
Relator term Codice MATERIA SPICS: 9950
9 (RLIN) 1088
700 ## - ADDED ENTRY--PERSONAL NAME
Personal name AA.VV.
Relator term Autore
Miscellaneous information Codice autore SPICS: 12000
9 (RLIN) 799
700 ## - ADDED ENTRY--PERSONAL NAME
Personal name Santana Carlos
Miscellaneous information Codice interprete SPICS: 11139
Relator term interprete
9 (RLIN) 15703
700 ## - ADDED ENTRY--PERSONAL NAME
Personal name Sancious David
Miscellaneous information Codice autore musica SPICS: 25653
Relator term Autore musica
Name of part/section of a work Breaking Out - Brotherhood
9 (RLIN) 15704
700 ## - ADDED ENTRY--PERSONAL NAME
Personal name Walker Greg
Miscellaneous information Codice autore SPICS: 27982
Relator term Autore
Name of part/section of a work Breaking Out
9 (RLIN) 15705
700 ## - ADDED ENTRY--PERSONAL NAME
Personal name Johnson Alphonso
Miscellaneous information Codice autore testo/musica SPICS: 20804
Relator term Autore testo/musica
Name of part/section of a work Breaking Out - Spirit
9 (RLIN) 15706
700 ## - ADDED ENTRY--PERSONAL NAME
Personal name Froom Mitchell
Miscellaneous information Codice autore musica SPICS: 27983
Relator term Autore musica
Name of part/section of a work Written In Sand
9 (RLIN) 15707
700 ## - ADDED ENTRY--PERSONAL NAME
Personal name Stahl Jerry
Miscellaneous information Codice autore testo/musica SPICS: 27984
Relator term Autore testo/musica
Name of part/section of a work Written In Sand
9 (RLIN) 15708
700 ## - ADDED ENTRY--PERSONAL NAME
Personal name Patton Robbie
Miscellaneous information Codice autore testo/musica SPICS: 27985
Relator term Autore testo/musica
Name of part/section of a work How Long
9 (RLIN) 15709
700 ## - ADDED ENTRY--PERSONAL NAME
Personal name Santana Carlos
Miscellaneous information Codice autore musica SPICS: 11139
Relator term Autore musica
Name of part/section of a work Brotherhood - Spirit - Who Loves You - Touchdown Raiders - Right Now
9 (RLIN) 15710
700 ## - ADDED ENTRY--PERSONAL NAME
Personal name Thompson Chester
Miscellaneous information Codice autore SPICS: 20798
Relator term Autore
Name of part/section of a work Brotherhood - Who Loves You - Right Now
9 (RLIN) 15711
700 ## - ADDED ENTRY--PERSONAL NAME
Personal name Peraza Armando
Miscellaneous information Codice autore testo/musica SPICS: 20801
Relator term Autore testo/musica
Name of part/section of a work Spirit
9 (RLIN) 15712
700 ## - ADDED ENTRY--PERSONAL NAME
Personal name Garay Val
Miscellaneous information Codice autore musica SPICS: 27986
Relator term Autore musica
Name of part/section of a work Say It Again
9 (RLIN) 15713
700 ## - ADDED ENTRY--PERSONAL NAME
Personal name Goldstein Steve
Miscellaneous information Codice autore SPICS: 27987
Relator term Autore
Name of part/section of a work Say It Again
9 (RLIN) 15714
700 ## - ADDED ENTRY--PERSONAL NAME
Personal name La Peau Anthony
Miscellaneous information Codice autore testo/musica SPICS: 27988
Relator term Autore testo/musica
Name of part/section of a work Say It Again
9 (RLIN) 15715
700 ## - ADDED ENTRY--PERSONAL NAME
Personal name Vilato Orestes
Miscellaneous information Codice autore testo/musica SPICS: 27989
Relator term Autore testo/musica
Name of part/section of a work Who Loves You - Right Now
9 (RLIN) 15716
700 ## - ADDED ENTRY--PERSONAL NAME
Personal name Mayfield Curtis
Miscellaneous information Codice autore testo/musica SPICS: 24514
Relator term Autore testo/musica
Name of part/section of a work I'm the One Who Loves You
9 (RLIN) 15717
942 ## - ADDED ENTRY ELEMENTS (KOHA)
Koha item type DISCHI
Source of classification or shelving scheme Dewey Decimal Classification
Holdings
Withdrawn status Lost status Damaged status Not for loan Home library Current library Date acquired Total Checkouts Full call number Date last seen Price effective from Koha item type Public note
    Buone Condizioni Not For Loan SPICS-MEDIATECA SPICS-MEDIATECA 25/10/2013   26120 25/10/2013 25/10/2013 DISCHI Progr. Ins.: 5985 / N.Vol.: 1 / Copie: 1 - Copia rara: n.d. / date import: 01.01.2014 - By Epidotti, Trombetti, Vaglietti
CREDITS: SOCIETA' SAN PAOLO Via A.Severo, 58 - ROMA (RM) & PERIODICI SAN PAOLO SRL Via Giotto, 36 MILANO & CISF Via Giotto, 36 MILANO & EDIZIONI SAN PAOLO SRL,  Piazza Soncino, 5 CINISELLO BALSAMO (MI) -- ITALY